LEADER 00873nam0-22002651i-450 001 990006353550403321 005 20221215101521.0 100 $a19980601d1989----km-y0itay50------ba 101 1 $ager 102 $aDE 105 $ayyyy----001yy 200 1 $aDeutsche Staatsangehorigkeit im Bund und in den Landern$eGenese und Grundlagen der Staatsangehorigkeit in deutschlandrechtlicher Perspektive$fKarl Thedieck 210 $aBerlin$cDuncker und Humblot$d1989 215 $a197 p.$d23 cm 225 1 $aSchriften zum öffentlichen Recht$v563 676 $a342$v19$zger 700 1$aThedieck,$bKarl$0238920 801 0$aIT$bUNINA$gRICA$2UNIMARC 901 $aBK 912 $a990006353550403321 952 $aCOLLEZ. 147 (563)$b33738*$fFGBC 959 $aFGBC 996 $aDeutsche staatsangehörigkeit im bund und in den landern$9276294 997 $aUNINA DB $aGIU01 LEADER 02281nam 2200541 450 001 9910806285703321 005 20230803034643.0 010 $a0-309-26074-4 035 $a(CKB)3710000000103419 035 $a(EBL)3379285 035 $a(SSID)ssj0001119391 035 $a(PQKBManifestationID)12499953 035 $a(PQKBTitleCode)TC0001119391 035 $a(PQKBWorkID)11147267 035 $a(PQKB)10432473 035 $a(MiAaPQ)EBC3379285 035 $a(Au-PeEL)EBL3379285 035 $a(CaPaEBR)ebr10863943 035 $a(OCoLC)858566114 035 $a(EXLCZ)993710000000103419 100 $a20121005h20132013 uy| 0 101 0 $aeng 135 $aur|n|---||||| 181 $ctxt 182 $cc 183 $acr 200 00$aBest care at lower cost $ethe path to continuously learning health care in America /$fCommittee on the Learning Health Care System in America, The Institute of Medicine ; Mark Smith [and three others], editors 210 1$aWashington, District of Columbia :$cNational Academies Press,$d[2013] 210 4$d©2013 215 $a1 online resource (437 p.) 300 $aDescription based upon print version of record. 311 $a0-309-26073-6 320 $aIncludes bibliographical references. 327 $aIntroduction and overview -- Imperative : managing rapidly increasing complexity -- Imperative : achieving greater value in health care -- Imperative : capturing opportunities from technology, industry, and policy -- A continuously learning health care system -- Generating and applying knowledge in real time -- Engaging patients, families, and communities -- Achieving and rewarding high-value care -- Creating a new culture of care -- Actions for continuous learning, best care, and lower costs. 606 $aMedical care$zUnited States 606 $aMedical policy$zUnited States 615 0$aMedical care 615 0$aMedical policy 676 $a368.38/200973 702 $aSmith$b Mark D$c(Physician), 712 02$aInstitute of Medicine (U.S.).$bCommittee on the Learning Health Care System in America, 801 0$bMiAaPQ 801 1$bMiAaPQ 801 2$bMiAaPQ 906 $aBOOK 912 $a9910806285703321 996 $aBest care at lower cost$93921232 997 $aUNINA LEADER 01287nam 2200397 450 001 9910808120803321 005 20230809234303.0 010 $a3-7369-8506-1 035 $a(CKB)4340000000197855 035 $a(MiAaPQ)EBC5019884 035 $a(EXLCZ)994340000000197855 100 $a20170928h20172017 uy 0 101 0 $aeng 135 $aurcnu|||||||| 181 $2rdacontent 182 $2rdamedia 183 $2rdacarrier 200 14$aThe effects of different mineral nitrogen fertilizer forms on N2O emissions from arable soils under aerobic conditions /$fvon Jens Tierling 210 1$aGottingen, [Germany] :$cCuvillier Verlag,$d2017. 210 4$d©2017 215 $a1 online resource (119 pages) $cillustrations 311 $a3-7369-9506-7 320 $aIncludes bibliographical references. 606 $aNitrification 606 $aNitrification$vCongresses 615 0$aNitrification. 615 0$aNitrification 676 $a572.545 700 $aTierling$b Jens$01688769 801 0$bMiAaPQ 801 1$bMiAaPQ 801 2$bMiAaPQ 906 $aBOOK 912 $a9910808120803321 996 $aThe effects of different mineral nitrogen fertilizer forms on N2O emissions from arable soils under aerobic conditions$94063284 997 $aUNINA